1829 1037 1637 1352 1726 1398 1835 1015 1640 1888 1484 1822 1986 1805 1489 1259 1480 1168 1016 1812 1466 1016 1084 1605 1849 1119 1159 1096 2000 1594 1536 1806 1149 1133 1493 1910 1155 1260 1958 1965 1358 1138 1025 1662 1135 1513 1108 1687 1291 1424 1766 1744 1259 1161 1868 1021 1210 1743 1395 1260 1660 1200 1091 1026 1708 1167 1785 1395 1914 1260 1682 1007 1442 1127 1154 1366 1160 1584 1454 1635 1061 1636 1712 1890 1586 1407 1431 1159 1164 1710 1674 1134 1643 1086 1328 1259 1522 1235 1926 BCNSPRNW ULIB Ver.6.0+V

เปลี่ยนเป็นภาษาไทย

Change to English
 แสดงรายละเอียดบรรณานุกรม
  กลับหน้าหลัก

Brief Record : Get Marc (ISO 2709) : E-mail record : QR code < ปิดหน้าต่าง
LEADER : 00000nam 2200000uu 4500
001    13399124739
003     ULIB
008    020711s2558 th a 000 0 tha d
020    9786164062948
090    รส.^bบ563ก
100    บุญเลิศ จุลเกียรติ
245    เก็บตกจาก (ข้าง) ถนน/^cบุญเลิศ จุลเกียรติ
250    พิมพ์ครั้งที่ 1
260    กรุงเทพฯ :^bพิมพ์ดี,^c2558
300    181 หน้า
945    ^p159^l0^i23272
999    ^aทศพร เกษรทอง
รายการนี้ยังไม่มีแท็ก
คุณยังไม่ได้ล็อกอิน คุณสามารถมีกิจกรรมร่วมกับเว็บไซต์ได้ แต่ต้องล็อกอินก่อน ::
  ล็อกอิน

รายการสื่อสารสนเทศ

ลำดับที่ ประเภท เลขเรียก/บาร์โค้ด สถานที่ สถานะ
1. นวนิยาย
นวนิยาย
รส. บ563ก ฉ.1 
  Barcode: 23272
ห้องสมุดวิทยาเขตนครสวรรค์
►นวนิยาย:l:Fiction
บนชั้น

BibComment


ยังไม่เคยถูกคอมเมนท์

คอมเมนท์ทรัพยากรรายการนี้
  คอมเมนท์: เก็บตกจาก ข้าง ถน..


 Copyright 2026. Bcnsprnw @Library